|
|
|
|
| LEADER |
00000nam a22000007a 4500 |
| 005 |
20130614104556.0 |
| 007 |
cr|||| |||| |
| 008 |
130614e2013 sp |||||s|||| 00||0 spa d |
| 020 |
|
|
|a 978-84-9948-648-2
|
| 035 |
|
|
|a 11327
|
| 040 |
|
|
|a vLex
|
| 090 |
|
|
|c 4355
|d 4355
|
| 100 |
1 |
0 |
|a Tardo̕ Pato, Jos ̌Antonio
|
| 245 |
1 |
0 |
|a Lecciones de Derecho Administrativo
|c / Jos ̌Antonio Tardo̕ Pato
|h [Recurso electrn̤ico]
|
| 256 |
|
|
|a Servicio en ln̕ea
|
| 260 |
|
|
|a Alicante :
|b Editorial Club Universitario,
|c 2013
|
| 300 |
|
|
|a 1 Recurso electrn̤ico
|
| 506 |
|
|
|a Contenido solo disponible en los productos indicados
|d vLex Global
|d vLex Global (Academic Edition, excluding Law Schools)
|d vLex Global (U.S. Academic Edition, Law Schools)
|d vLex Global (U.S. Academic Edition, excluding Law Schools)
|d vLex Global (Academic Edition, Law Schools)
|
| 650 |
|
4 |
|a Derecho administrativo
|z Espaą
|
| 740 |
|
|
|a vLex Libros (Servicio en ln̕ea)
|
| 856 |
|
|
|a Acceso restringido
|u http://www.vlex.com/source/11327
|
| 942 |
|
|
|c BOOK
|
| 999 |
|
0 |
|a Administrative law
|